| 000 | 00767cab a2200241 4500 | ||
|---|---|---|---|
| 001 | WB3040-35 | ||
| 008 | 090401t1994 xxu||||| |||| 00| 0 eng d | ||
| 035 | _a(Sirsi) u75716 | ||
| 041 | _aeng | ||
| 245 | _aConsent to assignment | ||
| 260 | _c1994 | ||
| 350 | _a0 | ||
| 490 |
_aEstates Gazette _v(9442) 22 October 1994, 149(1) |
||
| 520 | _aDiscusses "Dong Bang Minerva (UK) Ltd v Davina Ltd" (1994) concerning applications for consent to the assignment of a lease under the Landlord and Tenant Act 1988. | ||
| 650 | _aASSIGNMENT | ||
| 650 | _aCONSENT | ||
| 650 | _aDONG BANG MINERVA (UK) LTD V DAVINA LTD | ||
| 650 | _aLANDLORD AND TENANT ACT 1988 | ||
| 650 | _aLEASES | ||
| 690 | _aPROPERTY-LANDLORD AND TENANT | ||
| 942 | _n0 | ||
| 948 | _c04/03/1997 | ||
| 999 |
_c47624 _d47624 |
||